| 000 | 00754nam a2200241Ia 4500 | ||
|---|---|---|---|
| 003 | OSt | ||
| 005 | 20251113121154.0 | ||
| 008 | 210210b2017 xxu||||| |||| 00| 0 eng d | ||
| 040 | _cAL | ||
| 041 | _aKannada | ||
| 082 | _aK894.4 PRAS | ||
| 100 |
_aPRASAD (B R) Ed _dಪ್ರಸಾದ್ (ಬಿ ಆರ್) _9245396 |
||
| 245 |
_aShikshakara dairiyinda: mareyalagada ghatanegalu _bಶಿಕ್ಷಕರ ಡೈರಿಯಿಂದ: ಮರೆಯಲಾಗದ ಘಟನೆಗಳು |
||
| 260 |
_aBengaluru _b- _c2017 |
||
| 300 | _a258 | ||
| 650 |
_aShikshakara _9245397 |
||
| 650 |
_amareyalagada _9245398 |
||
| 650 |
_aghatanegalu _9245399 |
||
| 650 |
_adairiyinda: _9245400 |
||
| 690 |
_aKannada Prose _9245401 |
||
| 906 | _a072366 | ||
| 942 |
_2ddc _cBK |
||
| 999 |
_c122265 _d122265 |
||